书目信息 |
| 题名: |
绿色“一带一路”与2030年可持续发展议程
|
|
| 作者: | ;生态环境部对外合作与交流中心 编 | |
| 分册: | 2020 | |
| 出版信息: | 北京 中国环境出版集团 2021.12 |
|
| 页数: | 192页 | |
| 开本: | 27cm | |
| 丛书名: | ||
| 单 册: | ||
| 中图分类: | X012 , X22 | |
| 科图分类: | ||
| 主题词: | 环境保护政策--huan jing bao hu zheng ce--研究报告--中国--2020 , 环境保护--huan jing bao hu--可持续性发展--研究报告--中国--2030 | |
| 电子资源: | ||
| ISBN: | 978-7-5111-4702-8 | |
| 000 | 01186nam0 2200265 450 | |
| 001 | 011025153943 | |
| 005 | 20221025153943.0 | |
| 010 | @a978-7-5111-4702-8@dCNY58.00 | |
| 100 | @a20201004d2021 em y0chiy0120 ea | |
| 101 | 0 | @achi |
| 102 | @aCN@b110000 | |
| 105 | @aa z 000yy | |
| 106 | @ar | |
| 200 | 1 | @a绿色“一带一路”与2030年可持续发展议程@Alv se yi dai yi lu yu 2030nian ke chi xu fa zhan yi cheng@h2020@f生态环境部对外合作与交流中心编 |
| 210 | @a北京@c中国环境出版集团@d2021.12 | |
| 215 | @a192页@c图@d27cm | |
| 300 | @a“一带一路”绿色发展系列研究报告 | |
| 330 | @a本书收录《共建绿色“一带一路”,打造人类绿色命运共同体实践平台》《“一带一路”推动哈萨克斯坦落实2030年可持续发展目标》《推进中亚“一带一路”项目绿色发展》《联合国发布<2019年可持续发展报告>,聚焦四年来可持续发展目标的实现情况》等文章。 | |
| 510 | 1 | @h2020 |
| 606 | 0 | @a环境保护政策@Ahuan jing bao hu zheng ce@x研究报告@y中国@z2020 |
| 606 | 0 | @a环境保护@Ahuan jing bao hu@x可持续性发展@x研究报告@y中国@z2030 |
| 690 | @aX012@v5 | |
| 690 | @aX22@v5 | |
| 711 | 02 | @a生态环境部对外合作与交流中心@Asheng tai huan jing bu dui wai he zuo yu jiao liu zhong xin@4编 |
| 905 | @a河南城建学院图书馆@dX012@eS468 | |
| 绿色“一带一路”与2030年可持续发展议程.2020/生态环境部对外合作与交流中心编.-北京:中国环境出版集团,2021.12 |
| 192页:图;27cm |
| “一带一路”绿色发展系列研究报告 |
| ISBN 978-7-5111-4702-8:CNY58.00 |
| 本书收录《共建绿色“一带一路”,打造人类绿色命运共同体实践平台》《“一带一路”推动哈萨克斯坦落实2030年可持续发展目标》《推进中亚“一带一路”项目绿色发展》《联合国发布<2019年可持续发展报告>,聚焦四年来可持续发展目标的实现情况》等文章。 |
| ● |
| 相关链接 |
|
|
|
正题名:绿色"一带一路"与2030年可持续发展议程
索取号:X012/S468
 
预约/预借
| 序号 | 登录号 | 条形码 | 馆藏地/架位号 | 状态 | 备注 |
| 1 | 1590286 | 215902860 | 自科库501/501自科库 60排3列5层/ [索取号:X012/S468] | 在馆 |